[Event "RUS-ch Blitz 2021"]
[Site "Sochi"]
[Date "2021.10.11"]
[Round "7.2"]
[White "Artemiev, Vladislav"]
[Black "Dreev, Aleksey"]
[Result "1-0"]
[WhiteElo "2699"]
[BlackElo "2635"]
[Annotator "TA"]
[PlyCount "115"]
[EventDate "2021.10.11"]
[EventType "blitz"]
[EventCountry "RUS"]
[SourceTitle "playchess.com"]
[Source "ChessBase"]
[SourceQuality "1"]

{[%evp 14,115,12,0,0,1,15,13,14,9,17,0,0,0,0,0,0,0,20,0,-9,-14,-14,-33,0,0,3,0,
3,6,23,0,0,0,0,0,0,0,0,0,0,0,4,0,0,0,0,0,0,0,14,0,93,36,40,37,107,87,87,94,95,
95,113,103,170,170,272,209,216,216,202,183,160,109,108,0,169,129,460,195,483,
82,386,348,445,402,895,313,264,203,243,0,0,0,929,171,1331,1240,1250,1239,1218,
1156,1021,1014]} 1. e4 c6 2. d4 d5 3. exd5 cxd5 4. Bd3 Nc6 5. c3 Nf6 6. h3 g6
7. Nf3 Bf5 8. O-O {8.Be2 injects fresh life into this line.} Bxd3 {B13:
Caro-Kann: Exchange Variation and Panov-Botvinnik Attack.} 9. Qxd3 Bg7 10. Bf4
O-O {The position is equal.} 11. Nbd2 a6 12. a4 Nd7 13. Rfe1 Re8 14. Nb3 {[#]}
e6 $146 ({Predecessor:} 14... f6 15. a5 Kh8 16. Bg3 b5 17. Re6 Qc8 18. Re2 Qb7
19. Nc5 Nxc5 20. dxc5 Qd7 {1-0 (46) Delekta,P (2305)-Jungen,M Berlin 1994}) 15.
h4 Qf6 16. Qe3 Qf5 17. Ne5 Ndxe5 18. dxe5 Rac8 19. Re2 f6 20. exf6 Bxf6 21. Bg3
e5 22. Rd1 d4 23. cxd4 exd4 24. Qxe8+ Rxe8 25. Rxe8+ Kf7 26. Re2 Qd5 27. Nc1
Nb4 28. b3 a5 29. Red2 Qe6 30. f3 Bg7 31. Bf2 Nc6 32. Re1 Qf6 (32... Qd5 $11)
33. Nd3 (33. Ne2 $1 $16) 33... Qf5 $14 34. Re4 {Black must now prevent Rf4.}
Bh6 (34... Qd5 $14) 35. Rc2 {Rc5 is the strong threat.} Qd5 36. Rc4 $36 {
[%mdl 2048] Keeping Black busy.} Bg7 37. Be1 Bf6 38. Bd2 Qd6 (38... Kg8 $16)
39. Rc5 $18 Qd7 (39... b6 $142 40. Bf4 Qd7) 40. h5 b6 41. Rb5 Qc7 42. hxg6+
hxg6 {[#]} 43. Bf4 (43. Rd5 $142 $1) 43... Qd8 $16 {[#]} 44. Bg3 ({Only move:} 
44. Bh6 $1 $16) 44... Ne7 $2 (44... Nb4 $11 45. Ne5+ (45. Nxb4 axb4 46. Be5 d3
$15) 45... Kg7) 45. Be5 $18 Nf5 $2 {[%mdl 8192]} (45... Bxe5 $16 46. Rbxe5 Nf5)
46. Bxf6 (46. g4 $142) 46... Qxf6 $2 (46... Kxf6 {was called for.} 47. Rbe5 Kf7
) 47. Rbe5 $2 (47. g4 $18 {and White stays clearly on top.}) 47... Qg5 $2 {
[%mdl 8192]} (47... Qd6 $16) 48. Rf4 Kg7 49. g4 Kh6 (49... Kh8 $142 50. Rfe4
Qd2) 50. Rd5 $2 (50. Kf1 Ne3+ 51. Ke2) 50... Kg7 51. Rb5 {[%mdl 64] Pin} Kh6
52. Kf1 $2 ({Better is} 52. Rxb6 $18 {Hoping for Rxf5.} Nh4 53. Kf2) 52... Ne3+
$11 53. Ke2 Qh4 {[%mdl 8192]} (53... Nd5 $11 54. Kd2 Kg7) 54. Rxd4 $2 (54. g5+
Qxg5 55. Rxg5 Kxg5 56. Rxd4) 54... Nc2 $2 (54... Nf5 55. Rd7 Qh2+ 56. Nf2 Qb8)
55. g5+ $18 {[%mdl 64] Discovered Attack. White is clearly winning.} Qxg5 56.
Rxg5 {White wants to mate with Rdg4.} Nxd4+ 57. Ke3 Nc2+ 58. Kd2 {Weighted
Error Value: White=0.58/Black=0.54} 1-0

[Event "RUS-ch Blitz 2021"]
[Site "Sochi"]
[Date "2021.10.11"]
[Round "7.3"]
[White "Savchenko, Boris"]
[Black "Sarana, Alexey"]
[Result "1-0"]
[WhiteElo "2535"]
[BlackElo "2649"]
[Annotator "ChessBase"]
[PlyCount "59"]
[EventDate "2021.10.11"]
[EventType "blitz"]
[EventCountry "RUS"]
[SourceTitle "playchess.com"]
[Source "ChessBase"]
[SourceQuality "1"]
[TimeControl "180+2"]

1. e4 {[%emt 0:00:00]} c5 {[%emt 0:00:00]} 2. Nf3 {[%emt 0:00:00]} d6 {[%emt 0:
00:00]} 3. d4 {[%emt 0:00:09]} cxd4 {[%emt 0:00:01]} 4. Nxd4 {[%emt 0:00:00]}
Nf6 {[%emt 0:00:00]} 5. Nc3 {[%emt 0:00:00]} a6 {[%emt 0:00:00]} 6. h3 {
[%emt 0:00:00]} b5 {[%emt 0:00:14]} 7. a4 {[%emt 0:00:00]} b4 {[%emt 0:00:00]}
8. Nd5 {[%emt 0:00:00]} e6 {[%emt 0:00:00]} 9. Nxf6+ {[%emt 0:00:00]} Qxf6 {
[%emt 0:00:00]} 10. Bc4 {[%emt 0:00:14]} Be7 {[%emt 0:00:08]} 11. O-O {[%emt 0:
00:14]} Bb7 {[%emt 0:00:08]} 12. Re1 {[%emt 0:00:10]} O-O {[%emt 0:00:08]} 13.
a5 {[%emt 0:00:06]} Nc6 {[%emt 0:00:07]} 14. Nxc6 {[%emt 0:00:14]} Bxc6 {
[%emt 0:00:02]} 15. Qd3 {[%emt 0:00:07]} d5 {[%emt 0:00:31]} 16. exd5 {[%emt 0:
00:18]} exd5 {[%emt 0:00:00]} 17. Bxa6 {[%emt 0:00:07]} Bc5 {[%emt 0:00:05]}
18. Rf1 {[%emt 0:00:28]} Rfe8 {[%emt 0:00:40]} 19. Bb5 {[%emt 0:00:23]} Re4 {
[%emt 0:00:55]} 20. Be3 {[%emt 0:00:32]} Bxb5 {[%emt 0:00:25]} 21. Qxb5 {
[%emt 0:00:04]} Bxe3 {[%emt 0:00:03]} 22. Qxd5 {[%emt 0:00:10]} Ree8 {[%emt 0:
00:12]} 23. fxe3 {[%emt 0:00:00]} Qxb2 {[%emt 0:00:00]} 24. Rxf7 {[%emt 0:00:
08]} Kh8 {[%emt 0:00:03]} 25. Raf1 {[%emt 0:00:02]} h6 {[%emt 0:00:01]} 26. Rc7
{[%emt 0:00:14]} Qa3 {[%emt 0:00:06]} 27. Rff7 {[%emt 0:00:07]} Qxe3+ {[%emt 0:
00:02]} 28. Kh2 {[%emt 0:00:00]} Rad8 {[%emt 0:00:01]} 29. Qf5 {[%emt 0:00:06]}
Re5 {[%emt 0:00:02]} 30. Rf8+ {[%emt 0:00:05]} 1-0

[Event "RUS-ch Blitz 2021"]
[Site "Sochi"]
[Date "2021.10.11"]
[Round "7.4"]
[White "Sjugirov, Sanan"]
[Black "Rozum, Ivan"]
[Result "1-0"]
[WhiteElo "2663"]
[BlackElo "2529"]
[Annotator "ChessBase"]
[PlyCount "131"]
[EventDate "2021.10.11"]
[EventType "blitz"]
[EventCountry "RUS"]
[SourceTitle "playchess.com"]
[Source "ChessBase"]
[SourceQuality "1"]
[TimeControl "180+2"]

1. d4 {[%emt 0:00:00]} Nf6 {[%emt 0:00:00]} 2. c4 {[%emt 0:00:08]} e6 {[%emt 0:
00:01]} 3. Nf3 {[%emt 0:00:00]} Bb4+ {[%emt 0:00:00]} 4. Bd2 {[%emt 0:00:11]}
Bxd2+ {[%emt 0:00:02]} 5. Qxd2 {[%emt 0:00:00]} O-O {[%emt 0:00:00]} 6. g3 {
[%emt 0:00:04]} d5 {[%emt 0:00:06]} 7. Bg2 {[%emt 0:00:04]} c6 {[%emt 0:00:00]}
8. O-O {[%emt 0:00:13]} Nbd7 {[%emt 0:00:02]} 9. Rc1 {[%emt 0:00:13]} b6 {
[%emt 0:00:05]} 10. Na3 {[%emt 0:00:37]} Bb7 {[%emt 0:00:00]} 11. cxd5 {
[%emt 0:00:02]} exd5 {[%emt 0:00:12]} 12. Nb1 {[%emt 0:00:29]} c5 {[%emt 0:00:
11]} 13. Nc3 {[%emt 0:00:00]} Re8 {[%emt 0:00:07]} 14. e3 {[%emt 0:00:06]} a6 {
[%emt 0:00:08]} 15. Rab1 {[%emt 0:00:10]} c4 {[%emt 0:00:15]} 16. a4 {[%emt 0:
00:18]} Bc6 {[%emt 0:00:05]} 17. b3 {[%emt 0:00:07]} b5 {[%emt 0:00:06]} 18.
axb5 {[%emt 0:00:07]} axb5 {[%emt 0:00:00]} 19. bxc4 {[%emt 0:00:04]} bxc4 {
[%emt 0:00:00]} 20. Qc2 {[%emt 0:00:14]} Qc7 {[%emt 0:00:29]} 21. Nd2 {[%emt 0:
00:05]} g6 {[%emt 0:00:08]} 22. Ra1 {[%emt 0:00:06]} Kg7 {[%emt 0:00:00]} 23.
Rcb1 {[%emt 0:00:01]} Reb8 {[%emt 0:00:10]} 24. Qc1 {[%emt 0:00:04]} Qd6 {
[%emt 0:00:07]} 25. Rxb8 {[%emt 0:00:07]} Rxb8 {[%emt 0:00:21]} 26. Ra6 {
[%emt 0:00:00]} Rb6 {[%emt 0:00:03]} 27. Ra7 {[%emt 0:00:04]} Nf8 {[%emt 0:00:
25]} 28. e4 {[%emt 0:00:03]} dxe4 {[%emt 0:00:10]} 29. Nxc4 {[%emt 0:00:00]}
Qb8 {[%emt 0:00:05]} 30. Qa1 {[%emt 0:00:07]} Rb7 {[%emt 0:00:08]} 31. Rxb7 {
[%emt 0:00:04]} Bxb7 {[%emt 0:00:09]} 32. d5 {[%emt 0:00:00]} N8d7 {[%emt 0:00:
12]} 33. Nxe4 {[%emt 0:00:00]} Qd8 {[%emt 0:00:06]} 34. Ne3 {[%emt 0:00:09]}
Qe7 {[%emt 0:00:01]} 35. d6 {[%emt 0:00:01]} Qe5 {[%emt 0:00:08]} 36. Qxe5 {
[%emt 0:00:00]} Nxe5 {[%emt 0:00:00]} 37. Nxf6 {[%emt 0:00:06]} Bxg2 {[%emt 0:
00:01]} 38. d7 {[%emt 0:00:05]} Nc6 {[%emt 0:00:13]} 39. Ne8+ {[%emt 0:00:00]}
Kf8 {[%emt 0:00:00]} 40. Kxg2 {[%emt 0:00:00]} Ke7 {[%emt 0:00:04]} 41. h4 {
[%emt 0:00:02]} h5 {[%emt 0:00:00]} 42. Nc7 {[%emt 0:00:13]} Kxd7 {[%emt 0:00:
00]} 43. Ncd5 {[%emt 0:00:00]} Ke6 {[%emt 0:00:00]} 44. Nf4+ {[%emt 0:00:00]}
Kf6 {[%emt 0:00:03]} 45. Ne2 {[%emt 0:00:04]} Ne5 {[%emt 0:00:00]} 46. Nd5+ {
[%emt 0:00:00]} Kg7 {[%emt 0:00:01]} 47. Ndf4 {[%emt 0:00:00]} Nc6 {[%emt 0:00:
02]} 48. Nc3 {[%emt 0:00:00]} Ne5 {[%emt 0:00:00]} 49. Ne4 {[%emt 0:00:05]} Ng4
{[%emt 0:00:00]} 50. Nh3 {[%emt 0:00:05]} Ne5 {[%emt 0:00:00]} 51. Nhg5 {
[%emt 0:00:00]} Nc4 {[%emt 0:00:00]} 52. Nc5 {[%emt 0:00:03]} Ne5 {[%emt 0:00:
02]} 53. Nb7 {[%emt 0:00:03]} Nc4 {[%emt 0:00:01]} 54. Nd8 {[%emt 0:00:00]} f6
{[%emt 0:00:03]} 55. Nde6+ {[%emt 0:00:06]} Kg8 {[%emt 0:00:00]} 56. Ne4 {
[%emt 0:00:00]} Kf7 {[%emt 0:00:02]} 57. Nf4 {[%emt 0:00:02]} Ne5 {[%emt 0:00:
01]} 58. Nd5 {[%emt 0:00:00]} Nd7 {[%emt 0:00:06]} 59. Kf3 {[%emt 0:00:04]} Ke6
{[%emt 0:00:00]} 60. Ndxf6 {[%emt 0:00:01]} Nxf6 {[%emt 0:00:04]} 61. Nxf6 {
[%emt 0:00:00]} Kxf6 {[%emt 0:00:00]} 62. Kf4 {[%emt 0:00:00]} Ke6 {[%emt 0:00:
04]} 63. Kg5 {[%emt 0:00:00]} Kf7 {[%emt 0:00:00]} 64. f4 {[%emt 0:00:03]} Kg7
{[%emt 0:00:01]} 65. f5 {[%emt 0:00:03]} gxf5 {[%emt 0:00:03]} 66. Kxf5 {
[%emt 0:00:01]} 1-0

[Event "RUS-ch Blitz 2021"]
[Site "Sochi"]
[Date "2021.10.11"]
[Round "7.5"]
[White "Sakaev, Konstantin"]
[Black "Pridorozhni, Aleksei"]
[Result "0-1"]
[WhiteElo "2603"]
[BlackElo "2564"]
[Annotator "ChessBase"]
[PlyCount "98"]
[EventDate "2021.10.11"]
[EventType "blitz"]
[EventCountry "RUS"]
[SourceTitle "playchess.com"]
[Source "ChessBase"]
[SourceQuality "1"]
[TimeControl "180+2"]

1. d4 {[%emt 0:00:00]} d6 {[%emt 0:00:00]} 2. Nf3 {[%emt 0:00:00]} Bg4 {
[%emt 0:00:00]} 3. c4 {[%emt 0:00:00]} c6 {[%emt 0:00:00]} 4. Nc3 {[%emt 0:00:
18]} Nd7 {[%emt 0:00:05]} 5. e4 {[%emt 0:00:00]} e5 {[%emt 0:00:00]} 6. Be2 {
[%emt 0:00:00]} Ngf6 {[%emt 0:00:00]} 7. O-O {[%emt 0:00:04]} Be7 {[%emt 0:00:
04]} 8. Be3 {[%emt 0:00:00]} O-O {[%emt 0:00:06]} 9. d5 {[%emt 0:00:12]} Qa5 {
[%emt 0:00:00]} 10. Nd2 {[%emt 0:00:00]} Bxe2 {[%emt 0:00:02]} 11. Qxe2 {
[%emt 0:00:01]} Rfc8 {[%emt 0:00:05]} 12. Rab1 {[%emt 0:00:07]} Qd8 {[%emt 0:
00:06]} 13. Rfc1 {[%emt 0:00:12]} cxd5 {[%emt 0:00:00]} 14. cxd5 {[%emt 0:00:
02]} Ne8 {[%emt 0:00:09]} 15. Nc4 {[%emt 0:00:28]} Bg5 {[%emt 0:00:08]} 16. Nb5
{[%emt 0:00:16]} Bxe3 {[%emt 0:00:45]} 17. Qxe3 {[%emt 0:00:03]} Ndf6 {[%emt 0:
00:07]} 18. h3 {[%emt 0:00:43]} a6 {[%emt 0:00:00]} 19. Nba3 {[%emt 0:00:08]}
Nd7 {[%emt 0:00:01]} 20. Nd2 {[%emt 0:00:00]} g6 {[%emt 0:00:21]} 21. Nc2 {
[%emt 0:00:06]} Rc7 {[%emt 0:00:05]} 22. Ne1 {[%emt 0:00:07]} Rac8 {[%emt 0:00:
04]} 23. Nb3 {[%emt 0:00:00]} f5 {[%emt 0:00:16]} 24. exf5 {[%emt 0:00:01]}
gxf5 {[%emt 0:00:00]} 25. Nf3 {[%emt 0:00:15]} Ndf6 {[%emt 0:00:01]} 26. Rxc7 {
[%emt 0:00:03]} Rxc7 {[%emt 0:00:00]} 27. Qg5+ {[%emt 0:00:02]} Ng7 {[%emt 0:
00:10]} 28. Nh4 {[%emt 0:00:00]} f4 {[%emt 0:00:24]} 29. Nf5 {[%emt 0:00:01]}
Qf8 {[%emt 0:00:01]} 30. Nh6+ {[%emt 0:00:21]} Kh8 {[%emt 0:00:00]} 31. Nd2 {
[%emt 0:00:03]} Rc2 {[%emt 0:00:12]} 32. Rd1 {[%emt 0:00:10]} Rxd2 {[%emt 0:00:
11]} 33. Rxd2 {[%emt 0:00:00]} Ne4 {[%emt 0:00:00]} 34. Nf7+ {[%emt 0:00:22]}
Kg8 {[%emt 0:00:11]} 35. Nh6+ {[%emt 0:00:00]} Kh8 {[%emt 0:00:00]} 36. Nf7+ {
[%emt 0:00:00]} Qxf7 {[%emt 0:00:08]} 37. Qd8+ {[%emt 0:00:00]} Ne8 {[%emt 0:
00:00]} 38. Rc2 {[%emt 0:00:00]} N4f6 {[%emt 0:00:04]} 39. Rc8 {[%emt 0:00:03]}
Kg7 {[%emt 0:00:00]} 40. Rb8 {[%emt 0:00:00]} Kg6 {[%emt 0:00:04]} 41. Qc8 {
[%emt 0:00:03]} Qxd5 {[%emt 0:00:03]} 42. Qxb7 {[%emt 0:00:07]} Qxa2 {[%emt 0:
00:05]} 43. Qe7 {[%emt 0:00:06]} Qa4 {[%emt 0:00:08]} 44. Qe6 {[%emt 0:00:00]}
Qd1+ {[%emt 0:00:07]} 45. Kh2 {[%emt 0:00:00]} Ng7 {[%emt 0:00:00]} 46. Qc4 {
[%emt 0:00:00]} Nf5 {[%emt 0:00:11]} 47. Qxa6 {[%emt 0:00:01]} Qd2 {[%emt 0:00:
00]} 48. Qa7 {[%emt 0:00:09]} f3 {[%emt 0:00:00]} 49. g4 {[%emt 0:00:03]} Nd4 {
[%emt 0:00:01]} 0-1

[Event "RUS-ch Blitz 2021"]
[Site "Sochi"]
[Date "2021.10.11"]
[Round "7.6"]
[White "Iljiushenok, Ilia"]
[Black "Pershin, Denis"]
[Result "1-0"]
[WhiteElo "2554"]
[BlackElo "2388"]
[Annotator "ChessBase"]
[PlyCount "83"]
[EventDate "2021.10.11"]
[EventType "blitz"]
[EventCountry "RUS"]
[SourceTitle "playchess.com"]
[Source "ChessBase"]
[SourceQuality "1"]
[TimeControl "180+2"]

1. e4 {[%emt 0:00:00]} c6 {[%emt 0:00:00]} 2. d4 {[%emt 0:00:00]} d5 {[%emt 0:
00:19]} 3. e5 {[%emt 0:00:03]} Bf5 {[%emt 0:00:00]} 4. c4 {[%emt 0:00:00]} e6 {
[%emt 0:00:00]} 5. Nc3 {[%emt 0:00:00]} Ne7 {[%emt 0:00:00]} 6. a3 {[%emt 0:00:
00]} dxc4 {[%emt 0:00:15]} 7. Bxc4 {[%emt 0:00:05]} Nd7 {[%emt 0:00:00]} 8.
Nge2 {[%emt 0:00:07]} Nb6 {[%emt 0:00:03]} 9. Ba2 {[%emt 0:00:00]} Ned5 {
[%emt 0:00:00]} 10. O-O {[%emt 0:00:19]} Be7 {[%emt 0:00:00]} 11. Ng3 {[%emt 0:
00:02]} Bg6 {[%emt 0:00:08]} 12. Nce4 {[%emt 0:00:05]} h5 {[%emt 0:00:16]} 13.
Qf3 {[%emt 0:00:13]} h4 {[%emt 0:00:09]} 14. Ne2 {[%emt 0:00:00]} Bf5 {[%emt 0:
00:14]} 15. h3 {[%emt 0:00:06]} g5 {[%emt 0:00:19]} 16. b4 {[%emt 0:00:40]} Rg8
{[%emt 0:00:00]} 17. Nc5 {[%emt 0:00:32]} g4 {[%emt 0:00:04]} 18. hxg4 {
[%emt 0:00:00]} Bxg4 {[%emt 0:00:05]} 19. Qe4 {[%emt 0:00:05]} Bf5 {[%emt 0:00:
13]} 20. Qf3 {[%emt 0:00:00]} Qc7 {[%emt 0:00:27]} 21. Nf4 {[%emt 0:00:03]}
O-O-O {[%emt 0:00:07]} 22. Nxd5 {[%emt 0:00:00]} Nxd5 {[%emt 0:00:00]} 23. Bd2
{[%emt 0:00:18]} Rg6 {[%emt 0:00:01]} 24. Kh1 {[%emt 0:00:10]} Rdg8 {[%emt 0:
00:08]} 25. Rg1 {[%emt 0:00:00]} Rh8 {[%emt 0:00:13]} 26. Bb1 {[%emt 0:00:06]}
Rg3 {[%emt 0:00:07]} 27. Qe2 {[%emt 0:00:04]} Bg4 {[%emt 0:00:00]} 28. Qe4 {
[%emt 0:00:01]} Bf3 {[%emt 0:00:07]} 29. gxf3 {[%emt 0:00:06]} Bxc5 {[%emt 0:
00:16]} 30. bxc5 {[%emt 0:00:14]} Rxg1+ {[%emt 0:00:10]} 31. Kxg1 {[%emt 0:00:
00]} h3 {[%emt 0:00:13]} 32. Bd3 {[%emt 0:00:00]} Qe7 {[%emt 0:00:02]} 33. Kh1
{[%emt 0:00:04]} Rh4 {[%emt 0:00:00]} 34. f4 {[%emt 0:00:05]} f5 {[%emt 0:00:
01]} 35. exf6 {[%emt 0:00:02]} Nxf6 {[%emt 0:00:05]} 36. Qf3 {[%emt 0:00:04]}
Qd7 {[%emt 0:00:02]} 37. Be3 {[%emt 0:00:08]} h2 {[%emt 0:00:04]} 38. Re1 {
[%emt 0:00:01]} Qg7 {[%emt 0:00:05]} 39. f5 {[%emt 0:00:04]} exf5 {[%emt 0:00:
05]} 40. Bxf5+ {[%emt 0:00:00]} Kd8 {[%emt 0:00:02]} 41. Qg3 {[%emt 0:00:03]}
Qh8 {[%emt 0:00:01]} 42. Qd6+ {[%emt 0:00:00]} 1-0

[Event "RUS-ch Blitz 2021"]
[Site "Sochi"]
[Date "2021.10.11"]
[Round "7.7"]
[White "Vastrukhin, Oleg"]
[Black "Tsydypov, Zhamsaran"]
[Result "1-0"]
[WhiteElo "2382"]
[BlackElo "2526"]
[Annotator "ChessBase"]
[PlyCount "167"]
[EventDate "2021.10.11"]
[EventType "blitz"]
[EventCountry "RUS"]
[SourceTitle "playchess.com"]
[Source "ChessBase"]
[SourceQuality "1"]
[TimeControl "180+2"]

1. Nf3 {[%emt 0:00:04]} Nf6 {[%emt 0:00:10]} 2. g3 {[%emt 0:00:00]} g6 {
[%emt 0:00:00]} 3. Bg2 {[%emt 0:00:17]} Bg7 {[%emt 0:00:00]} 4. O-O {[%emt 0:
00:00]} O-O {[%emt 0:00:00]} 5. c4 {[%emt 0:00:00]} d6 {[%emt 0:00:00]} 6. Nc3
{[%emt 0:00:00]} e5 {[%emt 0:00:05]} 7. d3 {[%emt 0:00:00]} c6 {[%emt 0:00:25]}
8. Rb1 {[%emt 0:00:08]} Re8 {[%emt 0:00:07]} 9. Bg5 {[%emt 0:00:02]} h6 {
[%emt 0:00:05]} 10. Bxf6 {[%emt 0:00:05]} Bxf6 {[%emt 0:00:00]} 11. b4 {
[%emt 0:00:04]} d5 {[%emt 0:01:01]} 12. cxd5 {[%emt 0:00:13]} cxd5 {[%emt 0:00:
00]} 13. e4 {[%emt 0:00:03]} dxe4 {[%emt 0:00:08]} 14. dxe4 {[%emt 0:00:02]}
Be6 {[%emt 0:00:10]} 15. Nd5 {[%emt 0:00:03]} Bg7 {[%emt 0:00:04]} 16. Rc1 {
[%emt 0:00:25]} Nc6 {[%emt 0:00:14]} 17. b5 {[%emt 0:00:02]} Bxd5 {[%emt 0:00:
00]} 18. exd5 {[%emt 0:00:00]} Nd4 {[%emt 0:00:19]} 19. Nxd4 {[%emt 0:00:05]}
exd4 {[%emt 0:00:00]} 20. Qd3 {[%emt 0:00:23]} Qa5 {[%emt 0:00:20]} 21. d6 {
[%emt 0:00:14]} Rad8 {[%emt 0:00:00]} 22. Rc7 {[%emt 0:00:08]} Rxd6 {[%emt 0:
00:05]} 23. Rxb7 {[%emt 0:00:01]} Qxa2 {[%emt 0:00:06]} 24. h4 {[%emt 0:00:11]}
h5 {[%emt 0:00:05]} 25. Bc6 {[%emt 0:00:24]} Re5 {[%emt 0:00:08]} 26. Rd7 {
[%emt 0:00:36]} Rxd7 {[%emt 0:00:05]} 27. Bxd7 {[%emt 0:00:03]} Rc5 {[%emt 0:
00:02]} 28. Qf3 {[%emt 0:00:08]} Qd5 {[%emt 0:00:09]} 29. Qxd5 {[%emt 0:00:04]}
Rxd5 {[%emt 0:00:00]} 30. Bc6 {[%emt 0:00:03]} Rd6 {[%emt 0:00:00]} 31. Kg2 {
[%emt 0:00:06]} d3 {[%emt 0:00:00]} 32. Rd1 {[%emt 0:00:02]} Bc3 {[%emt 0:00:
02]} 33. Kf3 {[%emt 0:00:03]} d2 {[%emt 0:00:02]} 34. Be4 {[%emt 0:00:06]} Kg7
{[%emt 0:00:00]} 35. Bc2 {[%emt 0:00:01]} Kf6 {[%emt 0:00:04]} 36. Bb3 {
[%emt 0:00:00]} Rd4 {[%emt 0:00:05]} 37. Bc2 {[%emt 0:00:07]} Ke5 {[%emt 0:00:
00]} 38. Ke3 {[%emt 0:00:03]} Rb4 {[%emt 0:00:08]} 39. Kd3 {[%emt 0:00:00]} Bd4
{[%emt 0:00:06]} 40. Rxd2 {[%emt 0:00:00]} Rxb5 {[%emt 0:00:03]} 41. Re2+ {
[%emt 0:00:01]} Kd5 {[%emt 0:00:00]} 42. Kd2 {[%emt 0:00:04]} Kd6 {[%emt 0:00:
02]} 43. Bd3 {[%emt 0:00:03]} Rb3 {[%emt 0:00:00]} 44. Bc4 {[%emt 0:00:01]} Rf3
{[%emt 0:00:01]} 45. Ke1 {[%emt 0:00:03]} a5 {[%emt 0:00:04]} 46. Ra2 {[%emt 0:
00:00]} Rf5 {[%emt 0:00:03]} 47. Bd3 {[%emt 0:00:01]} Re5+ {[%emt 0:00:02]} 48.
Kf1 {[%emt 0:00:01]} Bc3 {[%emt 0:00:00]} 49. Bc4 {[%emt 0:00:06]} Rf5 {
[%emt 0:00:03]} 50. Bd3 {[%emt 0:00:00]} Rc5 {[%emt 0:00:03]} 51. Bc2 {[%emt 0:
00:03]} Ke7 {[%emt 0:00:01]} 52. Ba4 {[%emt 0:00:00]} Kf6 {[%emt 0:00:04]} 53.
Ke2 {[%emt 0:00:00]} Bd4 {[%emt 0:00:02]} 54. Kd3 {[%emt 0:00:04]} Be5 {
[%emt 0:00:00]} 55. Ke2 {[%emt 0:00:02]} Rc4 {[%emt 0:00:06]} 56. Bb3 {[%emt 0:
00:00]} Rc5 {[%emt 0:00:01]} 57. Ba4 {[%emt 0:00:05]} Bc3 {[%emt 0:00:00]} 58.
Kd3 {[%emt 0:00:00]} Bb4 {[%emt 0:00:01]} 59. Ke2 {[%emt 0:00:02]} Ke5 {
[%emt 0:00:00]} 60. Bb3 {[%emt 0:00:02]} f6 {[%emt 0:00:00]} 61. Bf7 {[%emt 0:
00:02]} Kf5 {[%emt 0:00:02]} 62. Kf3 {[%emt 0:00:03]} Rc3+ {[%emt 0:00:01]} 63.
Kg2 {[%emt 0:00:01]} Rc7 {[%emt 0:00:03]} 64. Be8 {[%emt 0:00:01]} Re7 {
[%emt 0:00:02]} 65. Ba4 {[%emt 0:00:02]} g5 {[%emt 0:00:03]} 66. Bc2+ {[%emt 0:
00:00]} Ke5 {[%emt 0:00:01]} 67. Bd1 {[%emt 0:00:02]} g4 {[%emt 0:00:04]} 68.
Re2+ {[%emt 0:00:00]} Kd4 {[%emt 0:00:03]} 69. Rxe7 {[%emt 0:00:03]} Bxe7 {
[%emt 0:00:01]} 70. Ba4 {[%emt 0:00:02]} Kc3 {[%emt 0:00:01]} 71. Be8 {[%emt 0:
00:02]} Kb2 {[%emt 0:00:06]} 72. Bxh5 {[%emt 0:00:02]} a4 {[%emt 0:00:04]} 73.
Bxg4 {[%emt 0:00:01]} a3 {[%emt 0:00:02]} 74. Be6 {[%emt 0:00:00]} f5 {[%emt 0:
00:00]} 75. Kf3 {[%emt 0:00:04]} Bc5 {[%emt 0:00:02]} 76. h5 {[%emt 0:00:01]}
Bd4 {[%emt 0:00:04]} 77. h6 {[%emt 0:00:01]} Be5 {[%emt 0:00:04]} 78. h7 {
[%emt 0:00:02]} a2 {[%emt 0:00:01]} 79. Bxa2 {[%emt 0:00:02]} Kxa2 {[%emt 0:00:
00]} 80. g4 {[%emt 0:00:06]} fxg4+ {[%emt 0:00:00]} 81. Kxg4 {[%emt 0:00:00]}
Kb3 {[%emt 0:00:01]} 82. Kf5 {[%emt 0:00:01]} Bh8 {[%emt 0:00:06]} 83. Ke6 {
[%emt 0:00:00]} Kc4 {[%emt 0:00:00]} 84. f4 {[%emt 0:00:03]} 1-0

[Event "RUS-ch Blitz 2021"]
[Site "Sochi"]
[Date "2021.10.11"]
[Round "7.8"]
[White "Moiseenko, Vadim"]
[Black "Alekseev, Evgeny"]
[Result "0-1"]
[WhiteElo "2542"]
[BlackElo "2602"]
[Annotator "ChessBase"]
[PlyCount "94"]
[EventDate "2021.10.11"]
[EventType "blitz"]
[EventCountry "RUS"]
[SourceTitle "playchess.com"]
[Source "ChessBase"]
[SourceQuality "1"]
[TimeControl "180+2"]

1. Nf3 {[%emt 0:00:00]} c5 {[%emt 0:00:00]} 2. g3 {[%emt 0:00:09]} Nc6 {
[%emt 0:00:01]} 3. c4 {[%emt 0:00:00]} g6 {[%emt 0:00:23]} 4. Bg2 {[%emt 0:00:
00]} Bg7 {[%emt 0:00:00]} 5. O-O {[%emt 0:00:00]} e6 {[%emt 0:00:00]} 6. Nc3 {
[%emt 0:00:00]} d6 {[%emt 0:00:00]} 7. d3 {[%emt 0:00:24]} Nge7 {[%emt 0:00:00]
} 8. e4 {[%emt 0:00:11]} O-O {[%emt 0:00:12]} 9. Be3 {[%emt 0:00:00]} Nd4 {
[%emt 0:00:00]} 10. a3 {[%emt 0:00:00]} b6 {[%emt 0:00:08]} 11. Rb1 {[%emt 0:
00:12]} Bb7 {[%emt 0:00:07]} 12. Qd2 {[%emt 0:00:06]} Qd7 {[%emt 0:00:11]} 13.
b4 {[%emt 0:00:04]} Nec6 {[%emt 0:00:29]} 14. Bh6 {[%emt 0:00:21]} Nxf3+ {
[%emt 0:00:33]} 15. Bxf3 {[%emt 0:00:01]} Ne5 {[%emt 0:00:00]} 16. Be2 {
[%emt 0:00:07]} f5 {[%emt 0:00:05]} 17. Bxg7 {[%emt 0:00:18]} Qxg7 {[%emt 0:00:
00]} 18. f4 {[%emt 0:00:00]} Nc6 {[%emt 0:00:00]} 19. Bf3 {[%emt 0:00:02]} Nd4
{[%emt 0:00:08]} 20. Bg2 {[%emt 0:00:00]} Rae8 {[%emt 0:00:04]} 21. Ne2 {
[%emt 0:00:18]} Nxe2+ {[%emt 0:00:11]} 22. Qxe2 {[%emt 0:00:00]} e5 {[%emt 0:
00:03]} 23. Rbe1 {[%emt 0:00:54]} exf4 {[%emt 0:00:24]} 24. Rxf4 {[%emt 0:00:
00]} fxe4 {[%emt 0:00:19]} 25. Rxf8+ {[%emt 0:00:11]} Qxf8 {[%emt 0:00:13]} 26.
Bxe4 {[%emt 0:00:00]} Bxe4 {[%emt 0:00:00]} 27. dxe4 {[%emt 0:00:06]} Qf6 {
[%emt 0:00:02]} 28. Qd3 {[%emt 0:00:00]} Qe5 {[%emt 0:00:00]} 29. Kg2 {[%emt 0:
00:03]} Kg7 {[%emt 0:00:05]} 30. Re2 {[%emt 0:00:00]} Re6 {[%emt 0:00:07]} 31.
Qe3 {[%emt 0:00:25]} h5 {[%emt 0:00:00]} 32. Qf4 {[%emt 0:00:04]} g5 {[%emt 0:
00:10]} 33. Qxe5+ {[%emt 0:00:10]} Rxe5 {[%emt 0:00:00]} 34. Kf3 {[%emt 0:00:
00]} Kf6 {[%emt 0:00:11]} 35. Rd2 {[%emt 0:00:00]} Ke6 {[%emt 0:00:00]} 36. h4
{[%emt 0:00:00]} Ke7 {[%emt 0:00:02]} 37. Rd5 {[%emt 0:00:01]} Rxd5 {[%emt 0:
00:00]} 38. exd5 {[%emt 0:00:07]} gxh4 {[%emt 0:00:08]} 39. gxh4 {[%emt 0:00:
00]} cxb4 {[%emt 0:00:00]} 40. axb4 {[%emt 0:00:00]} a5 {[%emt 0:00:00]} 41.
bxa5 {[%emt 0:00:00]} bxa5 {[%emt 0:00:00]} 42. Ke4 {[%emt 0:00:00]} a4 {
[%emt 0:00:00]} 43. Kd4 {[%emt 0:00:00]} Kf6 {[%emt 0:00:00]} 44. c5 {[%emt 0:
00:00]} dxc5+ {[%emt 0:00:00]} 45. Kxc5 {[%emt 0:00:00]} a3 {[%emt 0:00:00]}
46. Kc6 {[%emt 0:00:00]} a2 {[%emt 0:00:00]} 47. d6 {[%emt 0:00:00]} a1=Q {
[%emt 0:00:00]} 0-1